00709nam a22002057a 4500003000400000005001700004008004100021020001800062040001100080050002300091100002200114245011200136260004400248300004100292365001100333504005000344650004400394700003200438700003300470OSt20260505170830.0260505b |||||||| |||| 00| 0 eng d a9789719809302 cHS LRC aNX 280 b.T65 2018 aDevilles. Gary C. aArt sense :bsensing the arts in the everyday /cGary C. Devilles, Reagan R. Maiques, Rolando B. Tolentino  aQuezon City :bC&E Publishing, cc2018. axi, 313 p. : bcol. ill. ; c22 cm.  b378.00 aincludes appendices, bibliography and index.  aArt appreciation xStudy and teaching.  aMaiques, Reagan R. eAuthor aTolentino, Rolando B.eAuhor